50 YEARS OF PAKISTAN IN STATISTICS. (Record no. 348525)

000 -LEADER
fixed length control field 00780 a2200229 4500
003 - CONTROL NUMBER IDENTIFIER
control field OSt
005 - DATE AND TIME OF LATEST TRANSACTION
control field 20210310154005.0
008 - FIXED-LENGTH DATA ELEMENTS--GENERAL INFORMATION
fixed length control field 160502b xxu||||| |||| 00| 0 eng d
038 ## - RECORD CONTENT LICENSOR
Staff Name a
040 ## - CATALOGING SOURCE
Transcribing agency 0
082 ## - DEWEY DECIMAL CLASSIFICATION NUMBER
Classification number 315.491005
100 ## - MAIN ENTRY--PERSONAL NAME
Personal name Federal Bureau of Statistics Statistics Division.
9 (RLIN) 35952
245 ## - TITLE STATEMENT
Title 50 YEARS OF PAKISTAN IN STATISTICS.
Remainder of title 1947-1997.
Statement of responsibility, etc. Federal Bureau of Statistics Statistics Division.Government of Pakistan.
250 ## - EDITION STATEMENT
Edition statement Volume-III
260 ## - PUBLICATION, DISTRIBUTION, ETC.
Place of publication, distribution, etc. Karachi.
Name of publisher, distributor, etc. Government of Pakistan.
Date of publication, distribution, etc. 1947-1997.
300 ## - PHYSICAL DESCRIPTION
Extent 400p.
500 ## - GENERAL NOTE
General note Paper cover.
563 ## - BINDING INFORMATION
Binding note pbk
600 ## - SUBJECT ADDED ENTRY--PERSONAL NAME
Personal name Federal Bureau of Statistics Statistics Division.
9 (RLIN) 35952
700 ## - ADDED ENTRY--PERSONAL NAME
Personal name Federal Bureau of Statistics Statistics Division.
9 (RLIN) 35952
942 ## - ADDED ENTRY ELEMENTS (KOHA)
Institution code [OBSOLETE] NBS
Koha item type Book
Call number prefix 315.491005 PAK
Source of classification or shelving scheme
Holdings
Withdrawn status Lost status Source of classification or shelving scheme Damaged status Not for loan Permanent Location Current Location Date acquired Full call number Barcode Date last seen Price effective from Koha item type
          Central Library (CL) Central Library (CL) 08/28/2013 315.491005 PAK VOL-II NBS8584 02/09/2019 08/28/2013 Book
© 2023 Central Library, National University of Sciences and Technology. All Rights Reserved.